Online
Catalog

Ruben Dario / (Record no. 19224)

MARC details
000 -CABECERA
campo de control de longitud fija 00582nam a2200193 a 4500
001 - NÚMERO DE CONTROL
campo de control 000019709
005 - FECHA Y HORA DE LA ÚLTIMA TRANSACCIÓN
campo de control 20200929170118.0
008 - DATOS DE LONGITUD FIJA--INFORMACIÓN GENERAL
campo de control de longitud fija 100702s1975 sp ah 000 mdspa d
020 ## - NÚMERO INTERNACIONAL ESTÁNDAR DEL LIBRO
Número Internacional Estándar del Libro 8433402277
040 ## - FUENTE DE LA CATALOGACIÓN
Centro catalogador/agencia de origen DO-SdBNP
Lengua de catalogación spa
Centro/agencia transcriptor BNPHU
082 ## - NÚMERO DE LA CLASIFICACIÓN DECIMAL DEWEY
Número de clasificación 928.617285
Número de documento/Ítem D218C
100 1# - ENTRADA PRINCIPAL--NOMBRE DE PERSONA
Nombre de persona Concha, Jaime,
9 (RLIN) 16910
245 10 - MENCIÓN DE TÍTULO
Título Ruben Dario /
Mención de responsabilidad, etc. Jaime Concha.
260 ## - PUBLICACIÓN, DISTRIBUCIÓN, ETC.
Lugar de publicación, distribución, etc. Madrid :
Nombre del editor, distribuidor, etc. Jucar,
Fecha de publicación, distribución, etc. 1975.
300 ## - DESCRIPCIÓN FÍSICA
Extensión 206 p., [8] :
Otras características físicas ill., fasc. ;
Dimensiones 18 cm.
490 0# - MENCIÓN DE SERIE
Mención de serie Los Poetas
Designación de volumen o secuencia 12
600 10 - PUNTO DE ACCESO ADICIONAL DE MATERIA--NOMBRE DE PERSONA
Nombre de persona DARÍO, RUBEN,
Fechas asociadas al nombre 1867-1916.
9 (RLIN) 15535
700 12 - PUNTO DE ACCESO ADICIONAL--NOMBRE DE PERSONA
Nombre de persona Dario, Ruben,
Fechas asociadas al nombre 1867-1916.
Título de la obra Selections. 1975.
9 (RLIN) 42156
Holdings
Estado de retiro Estado de pérdida Restricciones de uso No para préstamo Código de colección Localización permanente Ubicación/localización actual Ubicación en estantería Fecha de adquisición Número de inventario Total de préstamos Signatura topográfica completa Código de barras Fecha visto por última vez Precio válido a partir de Tipo de ítem Koha
        Monografías: Libros y Folletos General General En catalogación 02.07.2010 LF1   928.617285 D218C 19709-10 25.06.2020 25.06.2020 Préstamo en sala

Powered by Koha